Introduction to digital human modeling /

Introduction to Digital Human Modeling bridges the gap in current literature by providing a comprehensive resource on digital human modeling for beginners and researchers.The content includes step-by-step procedures for building a digital human model, fundamental human kinematics and dynamics, advan...

Full description

Bibliographic Details
Main Authors: Xiang, Yujiang (Author), Yang, James (Author)
Corporate Author: ScienceDirect (Online service)
Format: eBook
Language:English
Published: London ; San Diego, CA : Academic Press, [2025]
Series:Medical robots and devices: new developments and advances
Subjects:
Online Access:Connect to the full text of this electronic book

MARC

Tag First Indicator Second Indicator Subfields
LEADER 00000cam a2200000 i 4500
001 in00005774841
005 20260327190424.8
006 m o d
007 cr cnu---unuuu
008 250311s2025 enka ob 001 0 eng d
040 |a UKMGB  |b eng  |e rda  |e pn  |c UKMGB  |d OCLCO  |d YDX  |d OPELS  |d N$T  |d YDX  |d SFB 
015 |a GBC526603  |2 bnb 
016 7 |a 300529071  |2 Uk 
020 |a 9780443219993  |q electronic book 
020 |a 0443219990  |q electronic book 
020 |z 9780443219986 
024 8 |a CIPO000210201 
035 |a (OCoLC)1517975227 
050 4 |a QP303  |b .I58 2025 
082 0 4 |a 620.820113  |2 23 
049 |a TXAM 
245 0 0 |a Introduction to digital human modeling /  |c volume editors, Yujiang Xiang, James Yang. 
264 1 |a London ;  |a San Diego, CA :  |b Academic Press,  |c [2025] 
300 |a 1 online resource (xii, 533 pages) :  |b illustrations (some color). 
336 |a text  |b txt  |2 rdacontent 
337 |a computer  |b c  |2 rdamedia 
338 |a online resource  |b cr  |2 rdacarrier 
490 0 |a Medical robots and devices: new developments and advances 
504 |a Includes bibliographical references and index. 
588 |a Description based on online resource; title from digital title page (viewed on September 19, 2025). 
520 |a Introduction to Digital Human Modeling bridges the gap in current literature by providing a comprehensive resource on digital human modeling for beginners and researchers.The content includes step-by-step procedures for building a digital human model, fundamental human kinematics and dynamics, advanced topics such as motion prediction and injury. 
650 0 |a Human mechanics  |x Computer simulation. 
650 0 |a Human engineering  |x Data processing. 
650 0 |a Digital computer simulation. 
650 6 |a Ergonomie  |x Informatique. 
655 7 |a Electronic books.  |2 local 
700 1 |a Xiang, Yujiang,  |e author. 
700 1 |a Yang, James,  |e author. 
710 2 |a ScienceDirect (Online service) 
776 0 8 |i Print version:  |z 9780443219986 
856 4 0 |u http://proxy.library.tamu.edu/login?url=https://www.sciencedirect.com/science/book/9780443219986  |z Connect to the full text of this electronic book  |t 0 
955 |a Elsevier ScienceDirect 2026-2027 
994 |a 92  |b TXA 
999 f f |i 5d3f3e52-2b25-4532-b688-93cfec830268  |s 75d3916c-8a3e-4d2e-b49c-86c825c9e9b7  |t 0 
952 f f |a Texas A&M University  |b College Station  |c Electronic Resources  |s www_evans  |d Available Online  |t 0  |e QP303 .I58 2025  |h Library of Congress classification 
998 f f |a QP303 .I58 2025  |t 0  |l Available Online